What can take the place of God in religion? / (Record no. 891737)

MARC details
000 -LEADER
fixed length control field 00790nam a2200289 a 4500
001 - CONTROL NUMBER
control field vtls001438566
003 - CONTROL NUMBER IDENTIFIER
control field NLI
005 - DATE AND TIME OF LATEST TRANSACTION
control field 20210627122019.0
008 - FIXED-LENGTH DATA ELEMENTS--GENERAL INFORMATION
fixed length control field 121130n ii 000 0 eng
039 #9 - LEVEL OF BIBLIOGRAPHIC CONTROL AND CODING DETAIL [OBSOLETE]
-- 201211301643
-- VLOAD
040 ## - CATALOGING SOURCE
Original cataloging agency NLI
Language of cataloging eng
Transcribing agency Datasoft_GENG
Description conventions AACR2
041 0# - LANGUAGE CODE
Language code of text/sound track or separate title eng
044 ## - COUNTRY OF PUBLISHING/PRODUCING ENTITY CODE
MARC country code ii
082 04 - DEWEY DECIMAL CLASSIFICATION NUMBER
Classification number 211
100 1# - MAIN ENTRY--PERSONAL NAME
Personal name Kanal, S. P.
9 (RLIN) 1003416
245 10 - TITLE STATEMENT
Title What can take the place of God in religion? /
Statement of responsibility, etc. S. P. Kanal
260 ## - PUBLICATION, DISTRIBUTION, ETC.
Place of publication, distribution, etc. New Delhi :
Name of publisher, distributor, etc. Dev Samaj Prakashan,
Date of publication, distribution, etc. [n.d.]
300 ## - PHYSICAL DESCRIPTION
Extent 16 p. ;
Dimensions 22 cm.
650 #0 - SUBJECT ADDED ENTRY--TOPICAL TERM
Topical term or geographic name entry element God
9 (RLIN) 695485
650 #0 - SUBJECT ADDED ENTRY--TOPICAL TERM
Topical term or geographic name entry element God
General subdivision History of doctrines
887 ## - NON-MARC INFORMATION FIELD
Content of non-MARC field
901 ## - LOCAL DATA ELEMENT A, LDA (RLIN)
a DB59937
b 25.08.1991
902 ## - LOCAL DATA ELEMENT B, LDB (RLIN)
a E 211 K 131
904 ## - LOCAL DATA ELEMENT D, LDD (RLIN)
l 768
949 ## - LOCAL PROCESSING INFORMATION (OCLC)
-- VIRTUAITEM
-- 10000
-- 100
6 DBA000059937ENG
942 ## - ADDED ENTRY ELEMENTS (KOHA)
Source of classification or shelving scheme Dewey Decimal Classification
Koha item type Books
Holdings
Withdrawn status Lost status Damaged status Not for loan Collection code Home library Current library Shelving location Date acquired Total Checkouts Full call number Barcode Date last seen Price effective from Koha item type
        New English National Library of India National Library of India New English - Main Stack Division     E 211 K 131 DBA000059937ENG 27/06/2021 27/06/2021 Books
                                                                           
web counter

Copyright ©2020 The National Library of India, Govt. of India ↔ Hosted by NVLI, MOC ↔ Technology and Design by National Library of India, Ministry of Culture, Govt. of India